Official Languages by Number of Countries - Statistics

General Stats
  • This quiz has been taken 101 times
  • The average score is 13 of 16
Answer Stats
Official In Answer % Correct
59 Countries English
100%
29 Countries French
100%
21 Countries Spanish
100%
10 Countries Portuguese
99%
6 Countries German
98%
26 Countries Arabic
97%
7 Countries Russian
95%
4 Countries Italian
91%
3 Countries Dutch
80%
3 Countries Chinese
79%
5 Countries Serbo-Croatian
66%
5 Countries Swahili
65%
4 Countries Malay
63%
3 Countries Persian
62%
3 Countries Tamil
33%
3 Countries Quechua
28%
No matching quizzes found
Score Distribution
Percent of People with Each Score
Percentile by Number Answered
Your Score History
You have not taken this quiz